Größte Länder A-Z - Statistiken

Allgemein
  • Dieses Quiz wurde 161 mal gespielt
  • Das Durchschnittsergebnis liegt bei 15 aus 22
Antwortstatistiken
Hint Antwort % Korrekt
C China
97%
B Brasilien
95%
R Russland
93%
A Australien
88%
V Vereinigte Staaten
86%
K Kanada
85%
F Frankreich
84%
I Indien
84%
M Mexiko
71%
O Oman
71%
J Jemen
69%
D Demokratische Republik Kongo
66%
Z Zentralafrikanische Republik
65%
H Honduras
62%
N Niger
56%
U Ukraine
53%
L Libyen
50%
P Peru
49%
S Saudi-Arabien
46%
T Tschad
45%
E Elfenbeinküste
35%
G Gabun
22%
Keine übereinstimmenden Quizze gefunden
Verteilung der Resultate
Anzahl Personen mit jedem Resultat
Perzentil nach korrekt beantworteten Fragen
Ihre Resultats-Entwicklung
Sie haben dieses Quiz noch nicht gespielt